[Event "Warsaw YMCA Spring-C 288th"]
[Site "Warsaw"]
[Date "2024.05.21"]
[Round "8"]
[White "Bartczak, Hanna"]
[Black "Kuc, Mariusz"]
[Result "0-1"]
[WhiteElo "1636"]
[BlackElo "1748"]
[PlyCount "90"]
[EventDate "2024.04.10"]
[EventType "tourn"]
[EventRounds "11"]
[EventCountry "POL"]
[SourceTitle "EXT 2025"]
[Source "ChessBase"]
[SourceDate "2024.10.14"]
[SourceVersion "1"]
[SourceVersionDate "2024.10.14"]
[SourceQuality "1"]

1. d4 Nf6 2. Nc3 d5 3. Bf4 e6 4. e3 Bb4 5. Bd3 Nbd7 6. Nf3 Ne4 7. Bxe4 dxe4 8. Ng5 Nf6 9. 0-0 Bxc3 10. bxc3 h6 11. Nh3 0-0 12. c4 b6 13. c3 Ba6 14. Qb3 Nd7 15. a4 c5 16. Bd6 Re8 17. Rfd1 Qc8 18. d5 e5 19. a5 g5 20. Kh1 Qd8 21. Qa4 bxa5 22. Qxa5 Bxc4 23. Bxc5 g4 24. Ng1 Qh4 25. Qb4 Bd3 26. Rxa7 Nxc5 27. Qxc5 Rxa7 28. Qxa7 Qxf2 29. d6 Bf1 30. Rxf1 Qxf1 31. d7 Rd8 32. Qc7 Qf6 33. Ne2 Qf1+ 34. Ng1 Qf6 35. Ne2 Qe7 36. Kg1 Rxd7 37. Qc8+ Qd8 38. Qc4 Rd1+ 39. Kf2 Qh4+ 40. Ng3 Rd8 41. Qxe4 Qf6+ 42. Nf5 h5 43. Kg3 Rc8 44. c4 Qe6 45. Qd5 Qxf5 0-1

[Event "Warsaw YMCA Spring-C 288th"]
[Site "Warsaw"]
[Date "2024.05.08"]
[Round "5"]
[White "Kuc, Mariusz"]
[Black "Okurowski, Michal"]
[Result "1-0"]
[WhiteElo "1748"]
[BlackElo "1738"]
[PlyCount "95"]
[EventDate "2024.04.10"]
[EventType "tourn"]
[EventRounds "11"]
[EventCountry "POL"]
[SourceTitle "EXT 2025"]
[Source "ChessBase"]
[SourceDate "2024.10.14"]
[SourceVersion "1"]
[SourceVersionDate "2024.10.14"]
[SourceQuality "1"]

1. e4 e5 2. Nf3 Nc6 3. d4 exd4 4. Nxd4 d6 5. Nxc6 bxc6 6. g3 Nf6 7. Bg2 Bb7 8. 0-0 Be7 9. b3 0-0 10. Bb2 c5 11. Nd2 Nd7 12. Re1 f5 13. Qe2 Bf6 14. Bxf6 Nxf6 15. e5 Bxg2 16. Kxg2 dxe5 17. Rad1 Qd5+ 18. Nf3 Qc6 19. Qc4+ Kh8 20. Rxe5 Ne4 21. Red5 Rae8 22. Ne5 Rxe5 23. Rxe5 Nc3+ 24. Rdd5 Rd8 25. Qxc5 Qa8 26. Qxc3 Rxd5 27. Qf3 c6 28. Rxd5 cxd5 29. c4 h6 30. cxd5 Qc8 31. Qd3 Qd7 32. Qc4 Qe8 33. Kf3 Qe5 34. Qc8+ Kh7 35. Qe6 Qc3+ 36. Kg2 Qc2 37. h4 h5 38. d6 Qc6+ 39. Kh2 Qf3 40. Qe3 Qd1 41. Qf4 Qd5 42. b4 a6 43. Qg5 Qf3 44. Qd2 Qa8 45. d7 Qd8 46. Qd5 g6 47. Qf7+ Kh6 48. Qe8 1-0

[Event "Warsaw YMCA Winter-B 283rd"]
[Site "Warsaw"]
[Date "2024.02.29"]
[Round "8"]
[White "Mlynarski, Zbigniew"]
[Black "Kuc, Mariusz"]
[Result "0-1"]
[WhiteElo "1584"]
[BlackElo "1552"]
[PlyCount "78"]
[EventDate "2024.01.11"]
[EventType "tourn"]
[EventRounds "11"]
[EventCountry "POL"]
[SourceTitle "EXT 2025"]
[Source "ChessBase"]
[SourceDate "2024.10.14"]
[SourceVersion "1"]
[SourceVersionDate "2024.10.14"]
[SourceQuality "1"]

1. d4 Nf6 2. Nf3 e6 3. c4 Bb4+ 4. Nc3 Ne4 5. Qc2 d5 6. a3 Bxc3+ 7. bxc3 0-0 8. e3 b6 9. Bd3 Bb7 10. a4 Nd7 11. Ba3 Re8 12. 0-0 h6 13. Nd2 Ndf6 14. cxd5 exd5 15. Rfe1 c5 16. dxc5 Nxc5 17. Bb5 Re7 18. Nb3 Rc8 19. Nxc5 bxc5 20. Rad1 Qb6 21. Rb1 Qe6 22. Bd3 Qc6 23. Bf1 Ne4 24. c4 Ng5 25. h4 Ne4 26. Red1 dxc4 27. Qxc4 Qf6 28. Rb2 Ba8 29. Rdb1 Nd6 30. Qa6 Be4 31. Rd1 Rc6 32. Qa5 Rec7 33. Rbd2 Nf5 34. h5 Qg5 35. Rd8+ Kh7 36. Qd2 Nh4 37. f4 Nf3+ 38. Kf2 Qh4+ 39. g3 Qh2+ 0-1

[Event "Warsaw YMCA Winter-B 283rd"]
[Site "Warsaw"]
[Date "2024.02.22"]
[Round "7"]
[White "Kuc, Mariusz"]
[Black "Czerwinski, Bartlomiej"]
[Result "0-1"]
[WhiteElo "1552"]
[BlackElo "1603"]
[PlyCount "102"]
[EventDate "2024.01.11"]
[EventType "tourn"]
[EventRounds "11"]
[EventCountry "POL"]
[SourceTitle "EXT 2025"]
[Source "ChessBase"]
[SourceDate "2024.10.14"]
[SourceVersion "1"]
[SourceVersionDate "2024.10.14"]
[SourceQuality "1"]

1. e4 c5 2. Nc3 g6 3. f4 Bg7 4. Nf3 Nc6 5. Bb5 Na5 6. Be2 d6 7. 0-0 a6 8. Kh1 Nc6 9. Qe1 Nh6 10. f5 0-0 11. d3 Ng4 12. Qh4 Nf6 13. fxg6 fxg6 14. Bh6 Bxh6 15. Qxh6 Ng4 16. Qh4 h5 17. Qg5 Kg7 18. Nh4 Nce5 19. h3 Nf6 20. Nf5+ Bxf5 21. exf5 Qd7 22. fxg6 Nxg6 23. Ne4 Nxe4 24. dxe4 Qe6 25. Bxh5 Rf6 26. Rxf6 Qxf6 27. Qxf6+ exf6 28. Rd1 Nf4 29. Bg4 Rd8 30. Kg1 Ng6 31. Kf2 Ne5 32. Be6 Kh6 33. g3 b6 34. Ke3 Nc6 35. c3 Ne7 36. Kf4 Kg7 37. h4 Ng6+ 38. Kf5 Ne7+ 39. Kg4 b5 40. Bd5 a5 41. a3 Kg6 42. Be6 Kh6 43. b4 axb4 44. axb4 cxb4 45. cxb4 Nc6 46. Kf5 Kg7 47. Rc1 Nd4+ 48. Kf4 Nxe6+ 49. Kf5 Kf7 50. g4 Nd4+ 51. Kf4 Ne2+ 0-1

[Event "Warsaw YMCA Winter-B 283rd"]
[Site "Warsaw"]
[Date "2024.02.13"]
[Round "4"]
[White "Pasternak Winiarski, Adam"]
[Black "Kuc, Mariusz"]
[Result "0-1"]
[WhiteElo "1561"]
[BlackElo "1552"]
[PlyCount "80"]
[EventDate "2024.01.11"]
[EventType "tourn"]
[EventRounds "11"]
[EventCountry "POL"]
[SourceTitle "EXT 2025"]
[Source "ChessBase"]
[SourceDate "2024.10.14"]
[SourceVersion "1"]
[SourceVersionDate "2024.10.14"]
[SourceQuality "1"]

1. c4 Nf6 2. Nc3 e6 3. a3 d5 4. cxd5 Nxd5 5. Nf3 Be7 6. g3 b6 7. Bg2 Bb7 8. 0-0 0-0 9. Qc2 Nd7 10. b3 c5 11. e4 N5f6 12. Bb2 Rc8 13. Rad1 Qc7 14. Rfe1 Rfd8 15. d3 a6 16. a4 Nb8 17. Ne2 Nc6 18. Bc3 Nd7 19. Qb2 Bf6 20. e5 Be7 21. d4 cxd4 22. Nfxd4 Nb4 23. Bxb7 Qxb7 24. Qd2 Nd5 25. Nf3 Nxc3 26. Nxc3 Qxf3 27. Re3 Qa8 28. Qe2 Nxe5 29. Rxd8+ Bxd8 30. Ne4 Rc1+ 31. Kg2 f5 32. Qb2 Nd3 33. Qd4 Nc5 34. Qe5 Bf6 35. Qd6 Nxe4 36. Qxe6+ Kf8 37. f3 Rc2+ 38. Kf1 Nd2+ 39. Ke1 Nxf3+ 40. Kd1 Qd8+ 0-1

[Event "Warsaw YMCA Winter-B 283rd"]
[Site "Warsaw"]
[Date "2024.02.08"]
[Round "5"]
[White "Kuc, Mariusz"]
[Black "Bartczak, Hanna"]
[Result "1-0"]
[WhiteElo "1552"]
[BlackElo "1479"]
[PlyCount "53"]
[EventDate "2024.01.11"]
[EventType "tourn"]
[EventRounds "11"]
[EventCountry "POL"]
[SourceTitle "EXT 2025"]
[Source "ChessBase"]
[SourceDate "2024.10.14"]
[SourceVersion "1"]
[SourceVersionDate "2024.10.14"]
[SourceQuality "1"]

1. e4 d6 2. Nf3 Nf6 3. Qe2 e5 4. g3 Be7 5. Bg2 Nc6 6. c3 0-0 7. 0-0 Bd7 8. b4 a6 9. Na3 Qc8 10. Re1 Bh3 11. Bh1 Qg4 12. Nc2 Nh5 13. Ne3 Qg6 14. Ng2 Bg4 15. Nfh4 Qe6 16. f3 Bh3 17. d3 Bxg2 18. Nxg2 Qg6 19. g4 Nf4 20. Nxf4 exf4 21. Bxf4 f5 22. exf5 Rxf5 23. Bg3 Rf7 24. f4 Bf6 25. f5 Qh6 26. Bd5 Bxc3 27. Qe8+ 1-0

[Event "Warsaw YMCA Autumn-B 279th"]
[Site "Warsaw"]
[Date "2023.10.23"]
[Round "8"]
[White "Kuc, Mariusz"]
[Black "Pasternak Winiarski, Adam"]
[Result "0-1"]
[WhiteElo "1630"]
[BlackElo "1576"]
[PlyCount "54"]
[EventDate "2023.09.21"]
[EventType "tourn"]
[EventRounds "13"]
[EventCountry "POL"]
[SourceTitle "EXT 2025"]
[Source "ChessBase"]
[SourceDate "2024.10.14"]
[SourceVersion "1"]
[SourceVersionDate "2024.10.14"]
[SourceQuality "1"]

1. e4 c5 2. Nc3 a6 3. f4 b5 4. g3 Bb7 5. Bg2 e6 6. Qe2 b4 7. Nd1 d5 8. f5 Ne7 9. d3 dxe4 10. fxe6 fxe6 11. dxe4 Ng6 12. Nf3 Be7 13. 0-0 0-0 14. Nf2 Qc7 15. Qc4 Nd7 16. Nd4 Nde5 17. Qxe6+ Kh8 18. Nf5 Rf6 19. Qb3 c4 20. Qe3 Bc5 21. Qe2 Re8 22. Be3 Rxf5 23. exf5 Nf3+ 24. Bxf3 Rxe3 25. Qxc4 Ne5 26. Qxc5 Nxf3+ 27. Kg2 Qxc5 0-1

[Event "Warsaw YMCA Autumn-B 279th"]
[Site "Warsaw"]
[Date "2023.10.17"]
[Round "5"]
[White "Bartczak, Hanna"]
[Black "Kuc, Mariusz"]
[Result "1-0"]
[WhiteElo "1482"]
[BlackElo "1630"]
[PlyCount "63"]
[EventDate "2023.09.21"]
[EventType "tourn"]
[EventRounds "13"]
[EventCountry "POL"]
[SourceTitle "EXT 2025"]
[Source "ChessBase"]
[SourceDate "2024.10.14"]
[SourceVersion "1"]
[SourceVersionDate "2024.10.14"]
[SourceQuality "1"]

1. d4 Nf6 2. Nc3 e6 3. e4 Bb4 4. Bd3 c5 5. Nge2 cxd4 6. Nxd4 Nc6 7. Nxc6 bxc6 8. Bd2 Qc7 9. Qe2 d5 10. e5 Nd7 11. a3 Bc5 12. f4 0-0 13. Qh5 g6 14. Qh6 Re8 15. h4 Bf8 16. Qg5 Bg7 17. h5 Nf8 18. h6 Bh8 19. g4 a5 20. a4 Ba6 21. Bxa6 Rxa6 22. Qh4 Nd7 23. g5 Rb8 24. b3 Rb4 25. Qf2 Nxe5 26. fxe5 Bxe5 27. 0-0-0 Bd4 28. Qe2 Qb6 29. Nxd5 Rxb3 30. Nxb6 Bb2+ 31. Kb1 Rbxb6 32. Qxa6 1-0

[Event "Warsaw YMCA Spring-A 272nd"]
[Site "Warsaw"]
[Date "2023.05.09"]
[Round "3"]
[White "Kuc, Mariusz"]
[Black "Kacprzak, Karol"]
[Result "1-0"]
[WhiteElo "1672"]
[BlackElo "1690"]
[PlyCount "65"]
[EventDate "2023.04.14"]
[EventType "tourn"]
[EventRounds "11"]
[EventCountry "POL"]
[SourceTitle "EXT 2024"]
[Source "ChessBase"]
[SourceDate "2023.10.10"]
[SourceVersion "1"]
[SourceVersionDate "2023.10.10"]
[SourceQuality "1"]

1. e4 c6 2. d4 d5 3. Nc3 dxe4 4. Nxe4 Bf5 5. Nc5 Qb6 6. g4 Bg6 7. f4 e6 8. h4 Bxc5 9. dxc5 Qb4+ 10. Bd2 Qe4+ 11. Qe2 Qxe2+ 12. Nxe2 Bxc2 13. Bc3 Ne7 14. h5 0-0 15. Ng3 Nd5 16. Be5 h6 17. Kd2 Bh7 18. g5 hxg5 19. fxg5 Rd8 20. Ke2 Na6 21. Rc1 Nab4 22. g6 fxg6 23. a3 Na6 24. h6 g5 25. hxg7 Nf4+ 26. Kf3 Rd5 27. Bxf4 gxf4 28. Nh5 Rxc5 29. Bc4 Nc7 30. Nf6+ Kxg7 31. Nxh7 Rxc4 32. Rxc4 Rh8 33. Rxf4 1-0

[Event "Warsaw YMCA Winter-B 270th"]
[Site "Warsaw"]
[Date "2023.02.15"]
[Round "7"]
[White "Kuc, Mariusz"]
[Black "Malicki, Jan"]
[Result "0-1"]
[WhiteElo "1687"]
[BlackElo "1614"]
[PlyCount "70"]
[EventDate "2023.01.12"]
[EventType "tourn"]
[EventRounds "11"]
[EventCountry "POL"]
[SourceTitle "CBM 213 Extra"]
[Source "ChessBase"]
[SourceDate "2023.05.31"]
[SourceVersion "1"]
[SourceVersionDate "2023.05.31"]
[SourceQuality "1"]

1. e4 c5 2. Nc3 Nc6 3. Bb5 Nd4 4. Bc4 e6 5. Nf3 a6 6. Nxd4 cxd4 7. Ne2 b5 8. Bb3 Bb7 9. d3 d5 10. e5 Qc7 11. f4 Bc5 12. Ng3 Ne7 13. Bd2 a5 14. a4 b4 15. 0-0 g6 16. Kh1 h5 17. c3 dxc3 18. bxc3 h4 19. Ne2 h3 20. d4 hxg2+ 21. Kxg2 Nf5 22. Ng3 bxc3 23. Nxf5 cxd2 24. Nd6+ Bxd6 25. exd6 Qc3 26. Ra2 Qxd4 27. Rxd2 Qe4+ 28. Qf3 Qxf3+ 29. Kxf3 Kd7 30. Rb1 Kxd6 31. Bd1 Bc6 32. Ke3 f6 33. Bc2 Rh3+ 34. Kd4 e5+ 35. fxe5+ fxe5# 0-1

[Event "Warsaw YMCA Winter-B 270th"]
[Site "Warsaw"]
[Date "2023.02.07"]
[Round "5"]
[White "Pasternak Winiarski, Adam"]
[Black "Kuc, Mariusz"]
[Result "0-1"]
[WhiteElo "1579"]
[BlackElo "1687"]
[PlyCount "64"]
[EventDate "2023.01.12"]
[EventType "tourn"]
[EventRounds "11"]
[EventCountry "POL"]
[SourceTitle "CBM 213 Extra"]
[Source "ChessBase"]
[SourceDate "2023.05.31"]
[SourceVersion "1"]
[SourceVersionDate "2023.05.31"]
[SourceQuality "1"]

1. e4 c5 2. Nf3 e6 3. d4 cxd4 4. Nxd4 Nf6 5. Nc3 d6 6. Be2 Be7 7. 0-0 0-0 8. Kh1 Nc6 9. Be3 a6 10. f4 Qc7 11. Qe1 Re8 12. Qg3 d5 13. Nxc6 bxc6 14. Bd4 a5 15. Rae1 Qd8 16. exd5 exd5 17. Bf3 Bf5 18. Bd1 g6 19. Re5 Kf8 20. Rfe1 Ne4 21. Nxe4 Bxe4 22. Rh5 Bf6 23. Bxf6 Qxf6 24. Rxh7 Kg8 25. Rh3 Qxb2 26. Rf1 Bf5 27. Bg4 Bxg4 28. Qxg4 Qg7 29. f5 Re4 30. Qf3 g5 31. Qh5 Rae8 32. Rhf3 Rh4 0-1

[Event "Warsaw YMCA Winter-B 270th"]
[Site "Warsaw"]
[Date "2023.01.26"]
[Round "3"]
[White "Kowalski, Witold"]
[Black "Kuc, Mariusz"]
[Result "1-0"]
[WhiteElo "1654"]
[BlackElo "1687"]
[PlyCount "79"]
[EventDate "2023.01.12"]
[EventType "tourn"]
[EventRounds "11"]
[EventCountry "POL"]
[SourceTitle "CBM 213 Extra"]
[Source "ChessBase"]
[SourceDate "2023.05.31"]
[SourceVersion "1"]
[SourceVersionDate "2023.05.31"]
[SourceQuality "1"]

1. e4 c5 2. Nf3 e6 3. d4 cxd4 4. Nxd4 Nf6 5. Nc3 d6 6. Be3 a6 7. a4 Qa5 8. f3 d5 9. e5 Nfd7 10. f4 Bb4 11. Qd2 Nc5 12. Bd3 Bd7 13. f5 Nc6 14. 0-0 Nxe5 15. Bf4 Nc6 16. Nxc6 bxc6 17. fxe6 Nxe6 18. Qe2 Bxc3 19. bxc3 Qxc3 20. Be5 Qc5+ 21. Kh1 Qe7 22. Rae1 f6 23. Bc3 Kf7 24. Rf3 Rae8 25. Qf2 Qc5 26. Rxf6+ Kg8 27. Rexe6 Qxf2 28. Rxe8+ Bxe8 29. Rxf2 c5 30. Bxa6 Bxa4 31. Bb7 h5 32. Bxd5+ Kh7 33. Be4+ Kh6 34. Bd2+ g5 35. h4 Re8 36. hxg5+ Kg7 37. Bc3+ Kg8 38. Bd5+ Kh7 39. Rf6 Bxc2 40. Rh6# 1-0

[Event "Warsaw YMCA Winter-B 270th"]
[Site "Warsaw"]
[Date "2023.01.12"]
[Round "1"]
[White "Mlynarski, Zbigniew"]
[Black "Kuc, Mariusz"]
[Result "1/2-1/2"]
[WhiteElo "1586"]
[BlackElo "1687"]
[PlyCount "68"]
[EventDate "2023.01.12"]
[EventType "tourn"]
[EventRounds "11"]
[EventCountry "POL"]
[SourceTitle "CBM 213 Extra"]
[Source "ChessBase"]
[SourceDate "2023.05.31"]
[SourceVersion "1"]
[SourceVersionDate "2023.05.31"]
[SourceQuality "1"]

1. e4 c5 2. Nf3 e6 3. d4 cxd4 4. Nxd4 Nf6 5. Nc3 d6 6. Bc4 a6 7. a4 Qc7 8. Qe2 Nc6 9. Be3 Be7 10. 0-0 0-0 11. f4 Rd8 12. Bb3 d5 13. exd5 exd5 14. Qf3 Nb4 15. h3 b6 16. Nce2 Bb7 17. Rad1 Bc5 18. c3 Nc6 19. Nxc6 Bxc6 20. Nd4 Re8 21. Kh1 Bb7 22. Rfe1 Rad8 23. Bc2 Bf8 24. f5 Bd6 25. Bg5 Be5 26. Re3 Bxd4 27. Rxd4 Rxe3 28. Bxe3 Re8 29. Qf2 Qe7 30. Bf4 Nh5 31. Bb3 Qe1+ 32. Qxe1 Rxe1+ 33. Kh2 Nxf4 34. Rxf4 Re2 1/2-1/2

[Event "Warsaw YMCA Spring-B 258th"]
[Site "Warsaw"]
[Date "2022.05.05"]
[Round "5"]
[White "Kuc, Mariusz"]
[Black "Nocek, Dominik"]
[Result "0-1"]
[WhiteElo "1727"]
[BlackElo "1675"]
[PlyCount "74"]
[EventDate "2022.04.07"]
[EventType "tourn"]
[EventRounds "11"]
[EventCountry "POL"]
[SourceTitle "EXT 2023"]
[Source "ChessBase"]
[SourceDate "2022.10.05"]
[SourceVersion "1"]
[SourceVersionDate "2022.10.05"]
[SourceQuality "1"]

1. f4 f5 2. Nf3 Nf6 3. c4 e6 4. e3 Be7 5. Nc3 b6 6. Be2 Bb7 7. 0-0 0-0 8. Rb1 c5 9. d4 Ne4 10. Bd2 d6 11. Be1 Nd7 12. b4 cxb4 13. Rxb4 Ndf6 14. Nxe4 Nxe4 15. Rb3 Bf6 16. Qb1 Qd7 17. Nd2 Rac8 18. Bd3 Nxd2 19. Bxd2 Qf7 20. Qd1 Qg6 21. Qe2 Rc7 22. a4 Rb8 23. Bb4 Rd7 24. Rbb1 Bc6 25. Bc3 Rdb7 26. Qc2 h5 27. Ba1 d5 28. c5 bxc5 29. Rxb7 Rxb7 30. Qxc5 Qe8 31. Rc1 Bxa4 32. Bxf5 exf5 33. Qxd5+ Rf7 34. Rc7 Qxe3+ 35. Kf1 Qd3+ 36. Kg1 Qe3+ 37. Kf1 Qxf4+ 0-1

[Event "Warsaw YMCA Spring-B 258th"]
[Site "Warsaw"]
[Date "2022.04.13"]
[Round "2"]
[White "Matyszkiewicz, Wiktor"]
[Black "Kuc, Mariusz"]
[Result "0-1"]
[WhiteElo "1777"]
[BlackElo "1727"]
[PlyCount "84"]
[EventDate "2022.04.07"]
[EventType "tourn"]
[EventRounds "11"]
[EventCountry "POL"]
[SourceTitle "EXT 2023"]
[Source "ChessBase"]
[SourceDate "2022.10.05"]
[SourceVersion "1"]
[SourceVersionDate "2022.10.05"]
[SourceQuality "1"]

1. e4 c5 2. Nf3 e6 3. d4 cxd4 4. Nxd4 Nf6 5. Nc3 d6 6. Bg5 a6 7. f4 Be7 8. Qf3 Qc7 9. 0-0-0 Nc6 10. g4 Nxd4 11. Rxd4 b5 12. Bg2 Bb7 13. Rhd1 Rc8 14. Qe2 Qa5 15. Kb1 b4 16. Nd5 exd5 17. exd5 h6 18. Bxf6 gxf6 19. Re1 Qd8 20. Rxb4 Rc7 21. h4 Bc8 22. f5 Kf8 23. Qe4 Kg7 24. Bf1 a5 25. Rb3 Re8 26. Qd4 Kh7 27. Rbe3 Bd7 28. Bd3 Bf8 29. g5 Rxe3 30. Qxe3 Bc8 31. Qg3 Bg7 32. g6+ Kh8 33. Qe3 Bf8 34. Qd4 fxg6 35. fxg6 Kg7 36. h5 Re7 37. Rf1 Re5 38. Qa7+ Be7 39. a4 Rxd5 40. Bc4 Rxh5 41. Bb3 Re5 42. Qd4 Bf5 0-1

[Event "Warsaw YMCA Autumn-A2 252nd"]
[Site "Warsaw"]
[Date "2021.10.22"]
[Round "5"]
[White "Adamski, Adam"]
[Black "Kuc, Mariusz"]
[Result "1-0"]
[WhiteElo "1704"]
[BlackElo "1910"]
[PlyCount "177"]
[EventDate "2021.10.01"]
[EventType "tourn"]
[EventRounds "13"]
[EventCountry "POL"]
[SourceTitle "EXT 2023"]
[Source "ChessBase"]
[SourceDate "2022.10.05"]
[SourceVersion "1"]
[SourceVersionDate "2022.10.05"]
[SourceQuality "1"]

1. e4 c5 2. Nf3 Nc6 3. d4 cxd4 4. Nxd4 d6 5. Nc3 e6 6. Be3 Nf6 7. Be2 Be7 8. 0-0 0-0 9. Nb3 a6 10. a4 d5 11. Bf3 dxe4 12. Nxe4 Qc7 13. Bc5 Rd8 14. Qe2 Bxc5 15. Nexc5 Bd7 16. Rfd1 Rab8 17. Nxd7 Nxd7 18. c3 Nce5 19. Be4 Nf6 20. Nd4 Nxe4 21. Qxe4 Nc4 22. Qe2 Rbc8 23. b3 Nb6 24. Rac1 Nd5 25. c4 Nf4 26. Qe3 e5 27. Nf3 f6 28. g3 Ne6 29. h4 b6 30. Kf1 Qc6 31. Kg1 Rd6 32. Rxd6 Qxd6 33. Qd2 Rd8 34. Qxd6 Rxd6 35. Rc3 Rd1+ 36. Kg2 Rb1 37. Nd2 Rb2 38. Ne4 Nd4 39. c5 bxc5 40. Nxc5 a5 41. Nb7 Nxb3 42. Nd6 Kf8 43. Rc8+ Ke7 44. Nf5+ Kd7 45. Ra8 g6 46. Ne3 Nc5 47. Rxa5 Kc6 48. Ra7 Nd3 49. Rxh7 Nxf2 50. Kf1 Ne4 51. g4 Kc5 52. Rd7 Ra2 53. g5 fxg5 54. hxg5 Nd6 55. a5 Rxa5 56. Rxd6 Ra1+ 57. Rd1 Ra4 58. Rd5+ Kc6 59. Rxe5 Kd6 60. Re8 Kd7 61. Rg8 Re4 62. Kf2 Re6 63. Kf3 Ke7 64. Ra8 Rc6 65. Nd5+ Ke6 66. Nf4+ Ke7 67. Ra7+ Kf8 68. Ke4 Rc4+ 69. Ke5 Rc5+ 70. Kf6 Rf5+ 71. Kxg6 Rxf4 72. Ra8+ Ke7 73. Kg7 Rf7+ 74. Kh8 Rf4 75. g6 Rh4+ 76. Kg7 Rf4 77. Ra7+ Ke8 78. Rf7 Rg4 79. Rf5 Ke7 80. Re5+ Kd8 81. Kh7 Rh4+ 82. Kg8 Kd7 83. g7 Kd6 84. Re3 Rh1 85. Re4 Rf1 86. Kh7 Rh1+ 87. Kg6 Rg1+ 88. Kh6 Rh1+ 89. Kg5 1-0

[Event "Warsaw YMCA Autumn-A2 252nd"]
[Site "Warsaw"]
[Date "2021.10.01"]
[Round "2"]
[White "Niedbal, Piotr"]
[Black "Kuc, Mariusz"]
[Result "1-0"]
[WhiteElo "1837"]
[BlackElo "1910"]
[PlyCount "103"]
[EventDate "2021.10.01"]
[EventType "tourn"]
[EventRounds "13"]
[EventCountry "POL"]
[SourceTitle "EXT 2023"]
[Source "ChessBase"]
[SourceDate "2022.10.05"]
[SourceVersion "1"]
[SourceVersionDate "2022.10.05"]
[SourceQuality "1"]

1. e4 c5 2. Nf3 Nc6 3. d4 cxd4 4. Nxd4 d6 5. Nc3 e6 6. Be2 Bd7 7. Ndb5 Bc8 8. Bf4 Ne5 9. Qd4 a6 10. Nxd6+ Qxd6 11. Bxe5 Qxd4 12. Bxd4 Nf6 13. Bf3 Nd7 14. 0-0 e5 15. Be3 Bc5 16. Bxc5 Nxc5 17. Nd5 0-0 18. Rad1 Be6 19. Nc7 Rac8 20. Nxe6 Nxe6 21. c3 Rcd8 22. Rd5 Nf4 23. Rxe5 Rd2 24. Rf5 Ne2+ 25. Bxe2 Rxe2 26. Rb1 Rxe4 27. Rd5 Rfe8 28. Kf1 Kf8 29. Rbd1 Re2 30. R5d2 R2e7 31. Rd8 Re1+ 32. Rxe1 Rxd8 33. Ke2 Ke7 34. Rd1 Rc8 35. Rd4 b5 36. Kd3 Rc6 37. b3 f5 38. Rd5 Ke6 39. Rd8 Ke7 40. Rd4 Ke6 41. c4 bxc4+ 42. Rxc4 Rd6+ 43. Kc3 g5 44. a4 h5 45. h4 g4 46. g3 Ke5 47. b4 Rd1 48. b5 axb5 49. axb5 Kd5 50. Rf4 Ke5 51. Kc4 Rc1+ 52. Kb4 1-0

[Event "IECG CB.2005.0.00132 email"]
[Site "IECG email"]
[Date "2005.02.27"]
[Round "?"]
[White "Rasstrigin, Aleksandr"]
[Black "Kuc, Mariusz"]
[Result "1/2-1/2"]
[WhiteElo "1819"]
[BlackElo "1818"]
[PlyCount "32"]
[EventDate "2005.02.27"]
[EventType "tourn (corr)"]
[EventRounds "6"]
[SourceTitle "Corr 2008"]
[Source "ChessBase"]
[SourceDate "2008.06.24"]
[SourceVersion "1"]
[SourceVersionDate "2008.06.24"]
[SourceQuality "1"]

1. e4 c5 2. Nf3 e6 3. c4 Nc6 4. Nc3 d6 5. d4 cxd4 6. Nxd4 Nf6 7. Be2 Be7 8. 0-0 0-0 9. Be3 a6 10. Rc1 Nxd4 11. Qxd4 Bd7 12. Rfd1 e5 13. Qd3 Bc6 14. a4 Qd7 15. a5 Rfc8 16. b4 Qe8 1/2-1/2

[Event "Mazowieckie-chT 0405"]
[Site "Poland"]
[Date "2004.12.05"]
[Round "5"]
[White "Mietek, Lukasz"]
[Black "Kuc, Mariusz"]
[Result "1/2-1/2"]
[WhiteElo "1800"]
[BlackElo "1889"]
[PlyCount "102"]
[EventDate "2004.10.03"]
[EventType "team-tourn"]
[EventRounds "10"]
[EventCountry "POL"]
[SourceTitle "EXT 2019"]
[Source "ChessBase"]
[SourceDate "2018.10.10"]
[SourceVersion "1"]
[SourceVersionDate "2018.10.10"]
[SourceQuality "1"]

1. d4 f5 2. e4 fxe4 3. Nc3 Nf6 4. Bg5 Nc6 5. d5 Ne5 6. Qd4 Nf7 7. Bxf6 exf6 8. Nxe4 f5 9. Ng3 g6 10. 0-0-0 Bh6+ 11. Kb1 0-0 12. h4 Bg7 13. Qd2 Qf6 14. c3 b5 15. f4 Rb8 16. Nf3 c5 17. h5 b4 18. c4 b3 19. a3 Re8 20. Ne2 Nh6 21. Nc3 Ng4 22. Bd3 Ba6 23. hxg6 hxg6 24. Rde1 Qd6 25. g3 Bd4 26. Ng5 Qf6 27. Nd1 Rxe1 28. Rxe1 Kg7 29. Ne6+ Kg8 30. Ng5 Qh8 31. Qg2 Qh2 32. Qxh2 Nxh2 33. Re7 Bc8 34. Be2 Kf8 35. Rh7 Ng4 36. Bxg4 fxg4 37. Ne4 Ba6 38. Nd2 Re8 39. Rxd7 Bc8 40. Rxa7 Bf5+ 41. Kc1 Bc2 42. Rb7 Re1 43. Nxb3 Bf5 44. Nxd4 cxd4 45. Kd2 Rg1 46. a4 Rg2+ 47. Ke1 Rxg3 48. a5 Rg1+ 49. Ke2 Rg2+ 50. Kf1 Rd2 51. Ke1 g3 1/2-1/2

[Event "IECG CB.2003.0.00094 email"]
[Site "IECG email"]
[Date "2003.09.21"]
[Round "?"]
[White "Kuc, Mariusz"]
[Black "Keller, Thomas L"]
[Result "1/2-1/2"]
[WhiteElo "1802"]
[BlackElo "1929"]
[PlyCount "77"]
[EventDate "2003.09.21"]
[EventType "tourn (corr)"]
[EventRounds "6"]
[SourceTitle "Corr 2008"]
[Source "ChessBase"]
[SourceDate "2008.06.24"]
[SourceVersion "1"]
[SourceVersionDate "2008.06.24"]
[SourceQuality "1"]

1. e4 c5 2. Nc3 Nc6 3. Bb5 a6 4. Bxc6 dxc6 5. f4 e5 6. fxe5 Qg5 7. Qe2 Qxe5 8. Nf3 Qc7 9. d3 Bg4 10. 0-0 Bd6 11. e5 Be7 12. Qf2 0-0-0 13. Qg3 h5 14. h3 Be6 15. Bg5 f6 16. Bh4 c4 17. d4 Nh6 18. exf6 Bxf6 19. Qxc7+ Kxc7 20. Bg3+ Kc8 21. Na4 Rde8 22. c3 Nf5 23. Nb6+ Kd8 24. Be5 Ne3 25. Rf2 Bxe5 26. Nxe5 Kc7 27. Re1 Nxg2 28. Rxg2 Kxb6 29. Rxg7 Rhg8 30. Rxg8 Rxg8+ 31. Kh2 c5 32. Re2 Rg7 33. Rd2 cxd4 34. Rxd4 Kc5 35. h4 b5 36. Nf3 Bd5 37. Rf4 Bxf3 38. Rxf3 Kb6 39. Rf6+ 1/2-1/2

[Event "IECG CB.2003.0.00094 email"]
[Site "IECG email"]
[Date "2003.09.21"]
[Round "?"]
[White "Kuc, Mariusz"]
[Black "Ventimiglia, Charles"]
[Result "1-0"]
[WhiteElo "1802"]
[BlackElo "1973"]
[PlyCount "51"]
[EventDate "2003.09.21"]
[EventType "tourn (corr)"]
[EventRounds "6"]
[SourceTitle "Corr 2008"]
[Source "ChessBase"]
[SourceDate "2008.06.24"]
[SourceVersion "1"]
[SourceVersionDate "2008.06.24"]
[SourceQuality "1"]

1. e4 c5 2. Nc3 Nc6 3. Bb5 Nd4 4. Bc4 e6 5. Nf3 a6 6. Nxd4 cxd4 7. Ne2 b5 8. Bb3 Bc5 9. d3 Bb7 10. Ng3 Ne7 11. 0-0 0-0 12. Qg4 Kh8 13. Qh5 d5 14. e5 Qc7 15. Bd2 b4 16. f4 a5 17. Ba4 f6 18. exf6 Rxf6 19. f5 Nxf5 20. Nxf5 Rxf5 21. Rxf5 exf5 22. Rf1 g6 23. Qh4 Be7 24. Qxd4+ Kg8 25. Kh1 Bh4 26. Qxh4 1-0